000 00914nam a22002297a 4500
003 0
005 20250125135514.0
008 250125b xxu||||| |||| 00| 0 eng d
050 _aHF 5415.337
_b.R36 2023
100 _aKale Gerard R. Ramos
245 _aThe influence of electronic word of mouth on buying decisions of customers of selected coffee shops in BF Resort, Las Pinas
_cRamos, Kale Gerard R.
260 _aLas Pinas City
_bSouthville International School and Colleges
_c2023
300 _aviii, 140 pages :
_billustrations ;
_c28cm.
500 _aMarketing Management
504 _aIncludes bibliographical references and index.
650 _aElectronic word-of-mouth (eWOM)--Research.
650 _aConsumer behavior--Research.
650 _aBuying decisions--Research.
650 _aCoffee shops—Marketing--Research.
650 _aSocial media marketing--Research.
942 _2lcc
_cTH
999 _c367062
_d367062